<?xml version="1.0" encoding="UTF-8"?><?xml-stylesheet type="text/xsl" href="static/style.xsl"?><OAI-PMH xmlns="http://www.openarchives.org/OAI/2.0/" xmlns:xsi="http://www.w3.org/2001/XMLSchema-instance" xsi:schemaLocation="http://www.openarchives.org/OAI/2.0/ http://www.openarchives.org/OAI/2.0/OAI-PMH.xsd"><responseDate>2026-04-17T18:43:33Z</responseDate><request verb="GetRecord" identifier="oai:www.recercat.cat:2445/218143" metadataPrefix="marc">https://recercat.cat/oai/request</request><GetRecord><record><header><identifier>oai:recercat.cat:2445/218143</identifier><datestamp>2025-11-20T14:26:22Z</datestamp><setSpec>com_2072_1057</setSpec><setSpec>col_2072_478917</setSpec><setSpec>col_2072_478935</setSpec></header><metadata><record xmlns="http://www.loc.gov/MARC21/slim" xmlns:dcterms="http://purl.org/dc/terms/" xmlns:xsi="http://www.w3.org/2001/XMLSchema-instance" xmlns:doc="http://www.lyncode.com/xoai" xsi:schemaLocation="http://www.loc.gov/MARC21/slim http://www.loc.gov/standards/marcxml/schema/MARC21slim.xsd">
   <leader>00925njm 22002777a 4500</leader>
   <datafield ind2=" " ind1=" " tag="042">
      <subfield code="a">dc</subfield>
   </datafield>
   <datafield ind2=" " ind1=" " tag="720">
      <subfield code="a">Lain Escandell, Bru</subfield>
      <subfield code="e">author</subfield>
   </datafield>
   <datafield ind2=" " ind1=" " tag="260">
      <subfield code="c">2025-01-29T13:14:10Z</subfield>
   </datafield>
   <datafield ind2=" " ind1=" " tag="260">
      <subfield code="c">2025-01-29T13:14:10Z</subfield>
   </datafield>
   <datafield ind2=" " ind1=" " tag="260">
      <subfield code="c">2012</subfield>
   </datafield>
   <datafield ind2=" " ind1=" " tag="260">
      <subfield code="c">2025-01-29T13:14:10Z</subfield>
   </datafield>
   <datafield ind2=" " ind1=" " tag="520">
      <subfield code="a">Tanto la obra de Karl Polanyi como él mismo se han etiquetado con varios adjetivos; desde 'socialista democrático', 'socialista humanista', 'liberal de izquierdas' hasta 'cristiano de izquierdas'. Dichos calificativos están probablemente bien fundados ya que a lo largo de su vida se vio influenciado por varias de estas corrientes de pensamiento. Este artículo quiere contribuir a dicha discusión defendiendo la hipótesis según la cual su obra contiene elementos que claramente pueden ser herederos de la tradición republicana y, en particular, de su vertiente más progresista o democrática. Esta relación se vuelve evidente al analizar su concepción sobre la 'libertad', la 'democracia', la 'justicia' o el 'mercado'. Sin embargo, el artículo se centra en una de dichas coincidencias, a saber, una visión muy parecida de los conceptos de libertad y propiedad. Dicha relación puede constatarse a través de las coincidencias entre su obra y la de Aristóteles, Robespierre, Paine o Marx. Aunque Polanyi no puede ser etiquetado totalmente como un autor republicano, su obra puede entenderse como una contribución sustancial a dicho pensamiento, aportándole tesis muy relevantes y argumentos empíricos para analizar la relación entre los mercados y las sociedades, y más precisamente, señalando algunas disposiciones sobre el diseño de los mercados que podría ser muy útil para la teoría democrático-republicana. El artículo concluye argumentando que dicho ejercicio puede ofrecer herramientas intelectuales muy útiles que podrían ser beneficiosas, no sólo para el debate científico actual, sino también para el político.</subfield>
   </datafield>
   <datafield tag="653" ind2=" " ind1=" ">
      <subfield code="a">Economia de mercat</subfield>
   </datafield>
   <datafield tag="653" ind2=" " ind1=" ">
      <subfield code="a">Republicanisme</subfield>
   </datafield>
   <datafield tag="653" ind2=" " ind1=" ">
      <subfield code="a">Sociologia política</subfield>
   </datafield>
   <datafield tag="653" ind2=" " ind1=" ">
      <subfield code="a">Market economy</subfield>
   </datafield>
   <datafield tag="653" ind2=" " ind1=" ">
      <subfield code="a">Republicanism</subfield>
   </datafield>
   <datafield tag="653" ind2=" " ind1=" ">
      <subfield code="a">Political sociology</subfield>
   </datafield>
   <datafield ind2="0" ind1="0" tag="245">
      <subfield code="a">¿Un Karl Polanyi republicano?</subfield>
   </datafield>
</record></metadata></record></GetRecord></OAI-PMH>